| 000 | 00532nam a22001937a 4500 | ||
|---|---|---|---|
| 003 | OSt | ||
| 005 | 20150815102357.0 | ||
| 008 | 130320t xxu||||| |||| 00| 0 eng d | ||
| 020 | _a9789810168650 | ||
| 050 | _aQ 163 .Sc4166a 2010 | ||
| 082 |
_aTR 500 _bSci1 2010 |
||
| 245 |
_aMy pals are here! : _cKoh Siew Luan _bscience 6A : teacher's guide / |
||
| 260 |
_aSingapore : _bMarshall Cavendish Education, _c2010. |
||
| 300 |
_axi, 132 p. _c26 cm |
||
| 562 | _e1 | ||
| 650 |
_aScience. _97100 |
||
| 942 |
_2lcc _cBK |
||
| 999 |
_c11667 _d11667 |
||